000 00334nam a2200133 a 4500
005 20141022141959.0
008 120229s19uu xx 00 eng d
050 _aCD-ROM
_bH22 2002
100 _aHarrower, Tim
245 _athe newspaper designers handbook /
_cTim Harrower.
250 _a5th ed.
260 _c2002.
942 _cAVM
999 _c276186
_d276186